000 00290nam a2200097Ia 4500
001 698674
005 20250826162056.0
008 250824s9999 xx 000 0 und d
245 0 _aİKİ ŞEHRİN HİKAYESİ (ANTİK DÜNYA KLASİKLERİ)
_cCHARLES DİCKENS
260 _bANTİK DÜNYA KLASİKLERİ
999 _c698674
_d698674